| 000 | 01047nam a22002417a 4500 | ||
|---|---|---|---|
| 005 | 20260522194152.0 | ||
| 008 | 220819e1993 mx bo||| |||| 001 0 spa d | ||
| 040 |
_aBPGM _bspa |
||
| 082 | 0 | 4 |
_a CQ /917.2452/ _bC34 |
| 100 |
_9CALDERÓN CALDERÓN VICTOR MANUEL _eAUTOR |
||
| 245 | _aMONOGRAFÍA HISTORICA DE QUERÉTARO | ||
| 250 |
_aPRIMERA EDICION _b1993 |
||
| 260 |
_aQUERETARO _bARCHIVO HISTORICO DE GOBIERNO DEL ESTADO DE QUERETARO _c1993 |
||
| 300 |
_a155 PÁGINAS _c20.9 cm x 13.4 cm |
||
| 336 |
_2rdacontent _atexto _btxt |
||
| 337 |
_2rdamedia _asin mediación _bn |
||
| 338 |
_2rdacarrier _avolumen _bnc |
||
| 505 | _aEl valor fundamental de esta monografía radica en la recopilación documental, el uso de testimonios de la época y una cronología sumamente detallada del Sitio de Querétaro. La obra se estructura principalmente en torno a los siguientes ejes temáticos: | ||
| 650 | _2GEOGRAFÍA E HISTORIA | ||
| 650 | _2GEOGRAFÍA Y VIAJES | ||
| 650 | _2GEOGRAFÍA DE Y VIAJES EN AMÉRICA DEL NORTE | ||
| 942 |
_2ddc _cCOLQ |
||
| 999 |
_c48910 _d48910 |
||